000 01266nam a2200325 a 4500
001 000112561
003 CHAP
005 20220329144312.0
008 160617s2016 mx sm |||||||spa d
010 _a109022
011 _a109994
040 _cCHAP
090 _aTesis
100 0 0 _aGómez Camarillo, René Alejandro.
_949636
245 1 0 _aEfectos socioeconómicos de la reconvensión productiva en las zonas frijoleras de Zacatecas
_h[En linea]
_cpor Dulce Rocio Ramos Villafán y Lucero Sánchez Navarrete.
260 _aZacatecas, Méx :
_bEl autor,
_c2016.
500 _aPara ver el contenido del material haga clic en la liga
502 _aTesis (M.C. en Desarrollo Rural Regional) -- UACH. Centro Regional Universitario Centro-Norte
590 _aE11695DGD
_b10
_c20160620
_lUCH01
_h1048
590 _aE5765TAJ
_b05
_c20160617
_lUCH01
_h1147
590 _aE5765TAJ
_b05
_c20160617
_lUCH01
_h1152
590 _aE5765TAJ
_b05
_c20160617
_lUCH01
_h1234
650 1 4 _aFrijol
_xAspectos económicos
_zZacatecas.
_943335
650 1 4 _aFrijol
_xRendimiento
_zZacatecas.
_9130937
650 1 4 _aPolítica agrícola
_xZacatecas.
_990378
856 _aFinding aid
_uhttp://10.13.5.2/tesis/sist112561.pdf
_zTeclea aquí
901 _aBK
942 _cTESIS
942 _n0
999 _c109022
_d109022